MARC details
| 000 -LEADER |
| fixed length control field |
01221cam a2200349 a 4500 |
| 001 - CONTROL NUMBER |
| control field |
3884524 |
| 003 - CONTROL NUMBER IDENTIFIER |
| control field |
BDDh-ASL |
| 005 - DATE AND TIME OF LATEST TRANSACTION |
| control field |
20231015025805.0 |
| 008 - FIXED-LENGTH DATA ELEMENTS--GENERAL INFORMATION |
| fixed length control field |
900202m19891990ii b b 001 0 eng |
| 010 ## - LIBRARY OF CONGRESS CONTROL NUMBER |
| LC control number |
89900080 |
| 020 ## - INTERNATIONAL STANDARD BOOK NUMBER |
| International Standard Book Number |
0195620984 (v. 1) : |
| Terms of availability |
Rs190.00 |
| 020 ## - INTERNATIONAL STANDARD BOOK NUMBER |
| International Standard Book Number |
0195622618 (v. 2) : |
| Terms of availability |
Rs260.00 |
| 025 ## - OVERSEAS ACQUISITION NUMBER |
| Overseas acquisition number |
I E 61100 |
| 040 ## - CATALOGING SOURCE |
| Original cataloging agency |
DLC |
| Transcribing agency |
DLC |
| Modifying agency |
BDDh-ASL |
| 043 ## - GEOGRAPHIC AREA CODE |
| Geographic area code |
a-ii--- |
| 050 00 - LIBRARY OF CONGRESS CALL NUMBER |
| Classification number |
HT720 |
| Item number |
.D66 1989 |
| 082 ## - DEWEY DECIMAL CLASSIFICATION NUMBER |
| Classification number |
300.54 |
| Item number |
DOM |
| 245 00 - TITLE STATEMENT |
| Title |
Dominance and state power in modern India, Volume 1 : |
| Remainder of title |
decline of a social order / |
| Statement of responsibility, etc. |
editors, Francine R. Frankel, M.S.A. Rao. |
| 260 ## - PUBLICATION, DISTRIBUTION, ETC. |
| Place of publication, distribution, etc. |
Delhi : |
| -- |
New York : |
| Name of publisher, distributor, etc. |
Oxford University Press, |
| Date of publication, distribution, etc. |
1989-1990. |
| 300 ## - PHYSICAL DESCRIPTION |
| Extent |
v-1, 443 p. : |
| Other physical details |
maps ; |
| Dimensions |
25 cm. |
| 500 ## - GENERAL NOTE |
| General note |
Contributed articles. |
| 504 ## - BIBLIOGRAPHY, ETC. NOTE |
| Bibliography, etc. note |
Includes bibliographical references. |
| 650 #0 - SUBJECT ADDED ENTRY--TOPICAL TERM |
| Topical term or geographic name entry element |
Caste |
| Geographic subdivision |
India. |
| 650 #0 - SUBJECT ADDED ENTRY--TOPICAL TERM |
| Topical term or geographic name entry element |
Social classes |
| Geographic subdivision |
India. |
| 651 #0 - SUBJECT ADDED ENTRY--GEOGRAPHIC NAME |
| Geographic name |
India |
| General subdivision |
Politics and government |
| Chronological subdivision |
1947- |
| 700 1# - ADDED ENTRY--PERSONAL NAME |
| Personal name |
Frankel, Francine R. |
| 700 1# - ADDED ENTRY--PERSONAL NAME |
| Personal name |
Rao, M. S. A. |
| 856 42 - ELECTRONIC LOCATION AND ACCESS |
| Materials specified |
Publisher description |
| Uniform Resource Identifier |
<a href="http://www.loc.gov/catdir/enhancements/fy0636/89900080-d.html">http://www.loc.gov/catdir/enhancements/fy0636/89900080-d.html</a> |
| 906 ## - LOCAL DATA ELEMENT F, LDF (RLIN) |
| a |
7 |
| b |
cbc |
| c |
orignew |
| d |
2 |
| e |
ncip |
| f |
19 |
| g |
y-gencatlg |
| 942 ## - ADDED ENTRY ELEMENTS (KOHA) |
| Source of classification or shelving scheme |
Dewey Decimal Classification |
| Koha item type |
Books |